| 000 | 003890000a22001570004500 | ||
|---|---|---|---|
| 003 | LK-CoMWRAF | ||
| 008 | 230817t ||||| |||| 00| 0 eng d | ||
| 040 |
_aLK-CoMWRAF _dLK-CoMWRAF _eLK-CoMWRAF |
||
| 041 | _aeng | ||
| 082 |
_a460 _bWHA |
||
| 245 |
_aUlakamayamakal Soolail Nalwaaliu _b |
||
| 260 |
_aChennai _bMakkal Nalwalvu Sapai _c2000 |
||
| 300 | _ap.60 | ||
| 650 | _aTamil | ||
| 942 | _cBK | ||
| 999 |
_c594 _d594 |
||